|
|
|
|
| LEADER |
00000naa a2200000uu 4500 |
| 001 |
vtls011055075 |
| 003 |
SK-MaSNL |
| 005 |
20260302115447.0 |
| 008 |
210907|2001 xo |||||||||||||||||slo| |
| 015 |
|
|
|a SNBRA
|
| 035 |
|
|
|a (urnnbn)urn:nbn:sk:snk:ar-a0bxx9
|
| 035 |
|
|
|a (uuid)fd87961e-1bf6-4296-af96-fdd798ae7fcd
|
| 035 |
|
|
|a urn:nbn:sk:snk-aav4ll
|
| 040 |
|
|
|a SNKBUCL
|b slo
|c SNKBUCL
|e AACR2
|
| 041 |
0 |
|
|a slo
|
| 044 |
|
|
|a xo
|c SK
|
| 100 |
1 |
|
|a Kalická, Jana
|4 aut
|9 67210
|
| 245 |
1 |
0 |
|a Poznámka k analýze časových radov
|c Jana Kalická, Olga Nánásiová
|
| 700 |
1 |
|
|a Nánásiová, Olga
|4 aut
|9 9309
|
| 773 |
0 |
|
|t PRASTAN 2001
|d Bratislava : Slovenská štatistická a demografická spoločnosť, 2001
|g S. 91-93
|z 8088946131
|
| 958 |
|
|
|a OND
|
| 958 |
|
|
|a article12
|
| 958 |
|
|
|a chapter
|
| 999 |
|
|
|c 1264821
|d 1266751
|